Guía para ver y analizar Ser o no ser : Ernst Lubitsch, 1941-42 /

Colección formada por amplios análisis monográficos de películas consideradas como fundamentales en la historia del cine, propuestos al modo de guías de lectura de cada uno de dichos filmes y escritos con un lenguaje claro y didáctico que permita su adaptación y uso en diferentes niveles y asignatur...

Ful tanımlama

Kaydedildi:
Detaylı Bibliyografya
Yazar: Moreno Díaz, Manuel (autor)
Diğer Yazarlar: Rodríguez Pachón, Juan Manuel (autor) (autor)
Materyal Türü: Kitap
Dil:İspanyolca
Baskı/Yayın Bilgisi: Valencia, España : Barcelona, España : NAU Llibres ; Octaedro, 2003, c2003
Seri Bilgileri:(Guías para Ver y Analizar Cine)
Konular:
Etiketler: Etiketle
Etiket eklenmemiş, İlk siz ekleyin!

MARC

LEADER 00000nam^a2200000^a^4500
001 000262958
005 20250521000000.0
009 20260310110559.763
020 |a 84-7642-685-2 
020 |a 84-8063-589-4 
037 |a Acervo ITESO - Biblioteca 
041 |a ESP 
082 |a 302. 23509  |b GUI V. 23 
100 |a Moreno Díaz, Manuel  |e (autor) 
245 1 0 |a Guía para ver y analizar Ser o no ser :  |b Ernst Lubitsch, 1941-42 /  |c M. Moreno Díaz, J.M. Rodríguez Pachón. 
264 4 |a Valencia, España :  |b NAU Llibres ;  |a Barcelona, España :  |b Octaedro,  |c 2003, c2003 
300 |a 141 p. 
336 |a texto  |b txt  |2 rdacontenido 
337 |a sin mediación  |b n  |2 rdamedio 
338 |a volumen  |b nc  |2 rdasoporte 
440 1 |a (Guías para Ver y Analizar Cine) 
520 |a Colección formada por amplios análisis monográficos de películas consideradas como fundamentales en la historia del cine, propuestos al modo de guías de lectura de cada uno de dichos filmes y escritos con un lenguaje claro y didáctico que permita su adaptación y uso en diferentes niveles y asignaturas escolares. El conjunto de películas seleccionadas en este proyecto pedagógico-editorial de dos casas españolas, la valenciana Nau Llibres y la barcelonesa Octaedro, abarca desde títulos clásicos hasta trabajos que han tenido un fuerte impacto entre los espectadores de inicios del siglo XXI y desde pequeñas y poco vistas obras de culto a grandes producciones que han roto las marcas de ganancias en taquilla, pero todos los títulos elegidos comparten la condición de contar con un sitio en la historia cinematográfica, debido a razones artísticas, tecnológicas e/o industriales. El presente número de la colección está dedicado a Ser o no ser (1942), sátira que se cuenta entre uno de los últimos y magistrales filmes dirigidos por el maestro alemán Ernst Lubitsch (1892-1947). 
649 |a XX 
650 |a Cineastas Alemanes 
650 |a Comedias Cinematográficas -  |z EUA -  |x Historia y Crítica 
650 |a Cine Norteamericano -  |x Historia y Crítica -  |x Tema Principal 
650 |a Cine Norteamericano -  |y 1940-1949 
650 |a Cine Norteamericano -  |y Siglo XX 
650 |a Cine -  |x Estudio y Enseñanza 
650 |a Recepción y Apropiación de la Comunicación -  |x Estudio y Enseñanza 
650 |a Medios Audiovisuales en la Educación 
650 |a Lubitsch, Ernst -  |x Tema Principal 
700 |a Rodríguez Pachón, Juan Manuel  |e (autor) 
910 |a Fondo General 
920 |a Impresos - Libros 
930 |a Colección General 
905 |a 101 
901 |a 0500143941  |b IT1  |c ACC  |u 20250521 
902 |a https://opac.biblio.iteso.mx/vufind/Record/000262958